Central Library OPAC University of Rajshahi

An introduction to organic chemistry / (Record no. 11289)

MARC details
000 -LEADER
fixed length control field 00908cam a22002771 4500
001 - CONTROL NUMBER
control field 11289
003 - CONTROL NUMBER IDENTIFIER
rucl marc code BD-RjUL
005 - DATE AND TIME OF LATEST TRANSACTION
control field 20211208235112.0
008 - FIXED-LENGTH DATA ELEMENTS--GENERAL INFORMATION
fixed length control field 140126r19531948nyua b 001 0 eng
035 ## - SYSTEM CONTROL NUMBER
System control number (BD-RjUL)11338
040 ## - CATALOGING SOURCE
Original cataloging agency DLC/ICU
Transcribing agency ICU
Modifying agency BD-RjUL
Language of cataloging eng
041 ## - LANGUAGE CODE
Language code of text/sound track or separate title eng
082 00 - DEWEY DECIMAL CLASSIFICATION NUMBER
Classification number 547
Author mark and year WII 1953
100 1# - MAIN ENTRY--PERSONAL NAME
Personal name Williams, Roger J.
Fuller form of name (Roger John),
Dates associated with a name 1893-1988.
9 (RLIN) 34928
245 13 - TITLE STATEMENT
Title An introduction to organic chemistry /
Statement of responsibility, etc. by Roger J. Williams and Lewis F. Hatch.
250 ## - EDITION STATEMENT
Edition statement 5th ed.
260 ## - PUBLICATION, DISTRIBUTION, ETC. (IMPRINT)
Place of publication, distribution, etc. New York :
Name of publisher, distributor, etc. D. Van Nostrand Co.,
Date of publication, distribution, etc. c1948 [Reprinted 1953].
300 ## - PHYSICAL DESCRIPTION
Pagination xii, 668 p. :
Illustrations illus. ;
Size 23 cm.
500 ## - GENERAL NOTE
General note Includes index.
504 ## - BIBLIOGRAPHY, ETC. NOTE
Bibliography, etc "Consultation of the chemical literature": p. 633-635.
650 #0 - SUBJECT ADDED ENTRY--TOPICAL TERM
Topical term or geographic name as entry element Chemistry, Organic.
9 (RLIN) 34929
700 1# - ADDED ENTRY--PERSONAL NAME
Personal name Hatch, Lewis Frederic,
Dates associated with a name 1912-
Relator term joint author.
942 ## - ADDED ENTRY ELEMENTS (KOHA)
Source of classification or shelving scheme Dewey Decimal Classification
Koha item type Books
Holdings
Lost status Source of classification or shelving scheme Damaged status Not for loan Collection code Permanent Location Current Location Shelving location Date acquired Source of acquisition Cost, normal purchase price Total Checkouts Full call number Date last seen Copy number Koha item type
  Dewey Decimal Classification   Not For Loan Non-fiction Central Library, University of Rajshahi Central Library, University of Rajshahi Reading Room 08/05/1959 Black well 1.16   547 WII 1953 26/01/2014 C-1 Books